El Colegio Nacional de Sordo-mudos y de Ciegos de Madrid en la Exposición Universal de Barcelona de 1888 (Record no. 182540)
[ view plain ]
| 000 -LEADER | |
|---|---|
| campo de control de longitud fija | 00725nam a2200157 i 4500 |
| 001 - NÚMERO DE CONTROL | |
| campo de control | 182540 |
| 003 - IDENTIFICADOR DE NÚMERO DE CONTROL | |
| campo de control | ES-MaACL |
| 005 - FECHA Y HORA DE LA ÚLTIMA TRANSACCIÓN | |
| campo de control | 20230906221635.0 |
| 008 - DATOS DE LONGITUD FIJA--INFORMACIÓN GENERAL | |
| campo de control de longitud fija | 130913s1888 sp |||| | spa d |
| 245 03 - MENCIÓN DEL TÍTULO | |
| Título | El Colegio Nacional de Sordo-mudos y de Ciegos de Madrid en la Exposición Universal de Barcelona de 1888 |
| Resto del título | : catálogo de los libros, aparatos, material de enseñanza y trabajos de los alumnos que remite a dicha exposición. |
| 260 ## - PUBLICACIÓN, DISTRIBUCIÓN, ETC. | |
| Lugar de publicación, distribución, etc. | Madrid : |
| Nombre del editor, distribuidor, etc. | [s.n.], |
| Fecha de publicación, distribución, etc. | 1888 ( |
| Fabricante | Imp. del Colegio de Sordo-mudos y de Ciegos) |
| 300 ## - DESCRIPCIÓN FÍSICA | |
| Extensión | 16 p. ; |
| Dimensiones | 23 cm. |
| 610 24 - PUNTO DE ACCESO ADICIONAL DE MATERIA--NOMBRE DE ENTIDAD CORPORATIVA | |
| Nombre de entidad corporativa o nombre de jurisdicción como elemento de entrada | Colegio Nacional de Sordo-Mudos y de Ciegos de Madrid. |
| 9 (RLIN) | 2940 |
| 611 2# - PUNTO DE ACCESO ADICIONAL DE MATERIA--NOMBRE DE REUNIÓN/CONGRESO | |
| Nombre de congreso/reunión o jurisdicción como elemento de entrada | Exposición Universal. |
| Fecha del congreso o de la firma del tratado | 1888. |
| Sede del congreso/Lugar de la reunión | Barcelona) |
| 9 (RLIN) | 153421 |
| 852 ## - LOCALIZACIÓN | |
| Ubicación | ES-MaACL |
| Número de control de estantería | T-669-F-1 |
| Estatus retirado | Estado de pérdida | Estado de daño | No para préstamo | Colección | Biblioteca de origen | Biblioteca actual | Ubicación en estantería | Fecha de adquisición | Fuente de adquisición | Total de préstamos | Signatura topográfica completa | Código de barras | Visto por última vez | Precio de reemplazo | Tipo de ítem Koha |
|---|---|---|---|---|---|---|---|---|---|---|---|---|---|---|---|
| Colección de folletos | Biblioteca del Ateneo de Madrid | Biblioteca del Ateneo de Madrid | Depósito folletos | 13/09/2013 | T-669-F-1 | 1191831 | 23/02/2023 | 23/02/2023 | Folleto |
